[Event "BL2 Nord 1011 (Women)"]
[Site "Germany"]
[Date "2010.12.05"]
[Round "4.5"]
[White "Vinken, Stefanie"]
[Black "Guennigmann, Laura"]
[Result "0-1"]
[WhiteElo "1478"]
[BlackElo "1916"]
[PlyCount "24"]
[EventDate "2010.11.06"]
[EventType "team-tourn"]
[EventRounds "7"]
[EventCountry "GER"]
[SourceTitle "EXT 2012"]
[Source "ChessBase"]
[SourceDate "2011.11.24"]
[SourceVersion "1"]
[SourceVersionDate "2011.11.24"]
[SourceQuality "1"]
[WhiteTeam "Krefeld (W)"]
[BlackTeam "Braunschweig (W)"]
[WhiteTeamCountry "GER"]
[BlackTeamCountry "GER"]

1. d4 d5 2. c4 e6 3. Nc3 Nf6 4. Nf3 Nbd7 5. Bg5 Bb4 6. e3 c5 7. a3 Bxc3+ 8. bxc3 Qa5 9. Qb3 Ne4 10. Rc1 cxd4 11. exd4 Nxg5 12. Nxg5 dxc4 0-1

[Event "BL2 Nord 1011 (Women)"]
[Site "Germany"]
[Date "2010.12.04"]
[Round "3.5"]
[White "Guennigmann, Laura"]
[Black "Puke, Carolin"]
[Result "0-1"]
[WhiteElo "1916"]
[BlackElo "1576"]
[PlyCount "108"]
[EventDate "2010.11.06"]
[EventType "team-tourn"]
[EventRounds "7"]
[EventCountry "GER"]
[SourceTitle "EXT 2012"]
[Source "ChessBase"]
[SourceDate "2011.11.24"]
[SourceVersion "1"]
[SourceVersionDate "2011.11.24"]
[SourceQuality "1"]
[WhiteTeam "Braunschweig (W)"]
[BlackTeam "Steinfurt (W)"]
[WhiteTeamCountry "GER"]
[BlackTeamCountry "GER"]

1. e4 e5 2. Nf3 d6 3. d4 exd4 4. Nxd4 Nf6 5. Nc3 Be7 6. Bc4 0-0 7. Bb3 Nbd7 8. Be3 Nc5 9. f3 Nxb3 10. cxb3 Re8 11. Qd2 Bf8 12. 0-0-0 Be6 13. g4 a6 14. g5 Nd7 15. f4 Nb6 16. f5 Bd7 17. g6 fxg6 18. fxg6 h6 19. Rdf1 c5 20. Nf5 Bxf5 21. Rxf5 Nd7 22. Rhf1 Ne5 23. Qg2 Rc8 24. Nd5 Qa5 25. Kb1 Qb5 26. Bxh6 Re6 27. Qf2 Nxg6 28. Be3 Qd3+ 29. Ka1 Qxe4 30. Rh5 Ne5 31. Nc3 Qg6 32. Qh4 Nf7 33. Rg1 Qf6 34. Qh3 Re5 35. Rxe5 Qxe5 36. Qxc8 Qxe3 37. Qg4 Qe5 38. h4 b5 39. Ne4 Nh6 40. Qf3 Be7 41. Ng5 d5 42. Rf1 Bf6 43. Qf2 Ng4 44. Qd2 Ne3 45. Re1 Nc2+ 46. Qxc2 Qxe1+ 47. Qb1 Qxb1+ 48. Kxb1 Bxg5 49. hxg5 Kf7 50. Kc2 Kg6 51. Kd3 Kxg5 52. b4 c4+ 53. Kd4 Kf5 54. Kxd5 g5 0-1

[Event "BL2 West 0910 (Women)"]
[Site "Germany"]
[Date "2010.01.17"]
[Round "5.4"]
[White "Kohls, Vera"]
[Black "Guennigmann, Laura"]
[Result "1/2-1/2"]
[WhiteElo "1895"]
[BlackElo "1881"]
[PlyCount "78"]
[EventDate "2009.11.07"]
[EventType "team-tourn"]
[EventRounds "7"]
[EventCountry "GER"]
[SourceTitle "CBM 133 Extra"]
[Source "ChessBase"]
[SourceDate "2010.01.05"]
[SourceVersion "1"]
[SourceVersionDate "2010.01.05"]
[SourceQuality "1"]
[WhiteTeam "Delmenhorst (W)"]
[BlackTeam "Braunschweig (W)"]
[WhiteTeamCountry "GER"]
[BlackTeamCountry "GER"]

1. Nf3 Nf6 2. b3 g6 3. Bb2 Bg7 4. e3 0-0 5. Be2 d6 6. 0-0 Nbd7 7. d3 e5 8. e4 c6 9. h3 Qc7 10. Nbd2 d5 11. Nh2 Re8 12. Bf3 b6 13. Ng4 Nxg4 14. Bxg4 Bb7 15. Bxd7 Qxd7 16. f4 c5 17. Bxe5 Bxe5 18. fxe5 Rxe5 19. Nf3 Re7 20. exd5 Qxd5 21. Rf2 Rae8 22. Qd2 Qh5 23. Raf1 Bxf3 24. Rxf3 Re2 25. Qf4 R8e7 26. R1f2 Qd5 27. Qf6 Rxf2 28. Rxf2 Re1+ 29. Rf1 Rxf1+ 30. Kxf1 b5 31. a3 c4 32. bxc4 bxc4 33. d4 Qe4 34. Qe5 Qxc2 35. Qe8+ Kg7 36. Qe5+ Kg8 37. Qe8+ Kg7 38. Qe5+ Kh6 39. Qf4+ Kg7 1/2-1/2

[Event "BL2 West 0910 (Women)"]
[Site "Germany"]
[Date "2009.11.08"]
[Round "2.4"]
[White "Guennigmann, Laura"]
[Black "Huppertz, Andrea"]
[Result "1-0"]
[WhiteElo "1881"]
[BlackElo "1865"]
[PlyCount "97"]
[EventDate "2009.11.07"]
[EventType "team-tourn"]
[EventRounds "7"]
[EventCountry "GER"]
[SourceTitle "CBM 133 Extra"]
[Source "ChessBase"]
[SourceDate "2010.01.05"]
[SourceVersion "1"]
[SourceVersionDate "2010.01.05"]
[SourceQuality "1"]
[WhiteTeam "Braunschweig (W)"]
[BlackTeam "Wattenscheid (W)"]
[WhiteTeamCountry "GER"]
[BlackTeamCountry "GER"]

1. e4 c5 2. Nf3 Nc6 3. d4 cxd4 4. Nxd4 g6 5. Nc3 Bg7 6. Be3 Nf6 7. Bc4 Qa5 8. 0-0 d6 9. Bb3 0-0 10. Nd5 Nxd5 11. Bxd5 Ne5 12. h3 e6 13. Bb3 d5 14. f4 Nc4 15. Bxc4 dxc4 16. f5 exf5 17. exf5 Qe5 18. Qf3 Bxf5 19. Nxf5 gxf5 20. c3 Rfe8 21. Bd4 Qd6 22. Rad1 Qg6 23. Bxg7 Kxg7 24. Rd5 Re7 25. Rxf5 Rae8 26. Rf6 Qg5 27. Rxf7+ Kh6 28. Rf6+ Kg7 29. Rf4 Qc5+ 30. Kh1 Re6 31. Rf7+ Kg8 32. Qxb7 R6e7 33. Qf3 Re6 34. Qf4 Rg6 35. Rxh7 Kxh7 36. Qf7+ Rg7 37. Qxe8 Qg5 38. Qe4+ Kg8 39. Qxc4+ Kh8 40. Rf8+ Kh7 41. Qe4+ Rg6 42. Qa8 Qc1+ 43. Kh2 Kh6 44. Rh8+ Kg5 45. Qd5+ Kf6 46. Rf8+ Kg7 47. Qf7+ Kh6 48. Rh8+ Kg5 49. h4+ 1-0

[Event "Niedersachsen-ch op"]
[Site "Verden"]
[Date "2009.01.06"]
[Round "7"]
[White "Soelken, Hagen"]
[Black "Guennigmann, Laura"]
[Result "0-1"]
[WhiteElo "1948"]
[BlackElo "1836"]
[PlyCount "142"]
[EventDate "2009.01.03"]
[EventType "swiss"]
[EventRounds "7"]
[EventCountry "GER"]
[SourceTitle "EXT 2012"]
[Source "ChessBase"]
[SourceDate "2011.11.24"]
[SourceVersion "1"]
[SourceVersionDate "2011.11.24"]
[SourceQuality "1"]

1. f4 c5 2. Nf3 Nc6 3. b3 Nf6 4. Bb2 g6 5. e3 Bg7 6. Bb5 0-0 7. 0-0 Qc7 8. Bxc6 Qxc6 9. d3 d6 10. Nbd2 b5 11. Qe2 Ba6 12. a4 b4 13. Rae1 e6 14. Nc4 d5 15. Nce5 Qc7 16. h3 Rac8 17. Nd2 Ne8 18. e4 Nd6 19. exd5 exd5 20. Qf2 c4 21. bxc4 dxc4 22. Ndxc4 Nxc4 23. dxc4 f6 24. Nd3 Bxc4 25. Rc1 a5 26. Rfe1 Rfe8 27. Re3 Qc6 28. Rxe8+ Rxe8 29. Qa7 Qxa4 30. g4 Qb5 31. g5 Qf5 32. Bxf6 Bxf6 33. gxf6 Qxf6 34. Qxa5 Bxd3 35. Qd5+ Qf7 36. Qxd3 Qxf4 37. Rf1 Qe3+ 38. Qxe3 Rxe3 39. Rb1 Rxh3 40. Rxb4 Rc3 41. Kg2 Rxc2+ 42. Kg3 Kg7 43. Rb7+ Kh6 44. Kg4 Rc4+ 45. Kg3 g5 46. Rb1 Kg6 47. Rb6+ Kh5 48. Rb1 h6 49. Rb3 Rc5 50. Ra3 Rc6 51. Rb3 Kg6 52. Ra3 h5 53. Rb3 Rc5 54. Ra3 h4+ 55. Kg4 Rc4+ 56. Kh3 Kh5 57. Ra5 Rc3+ 58. Kg2 h3+ 59. Kh2 Kh4 60. Ra4+ g4 61. Rb4 Rc2+ 62. Kh1 Rf2 63. Ra4 Kg3 64. Ra3+ Rf3 65. Ra1 Re3 66. Rg1+ Kf3 67. Rf1+ Ke2 68. Ra1 g3 69. Ra2+ Kf3 70. Ra1 Rd3 71. Rb1 Ke2 0-1

[Event "Niedersachsen-ch op"]
[Site "Verden"]
[Date "2009.01.05"]
[Round "6"]
[White "Guennigmann, Laura"]
[Black "Fink, Leander"]
[Result "0-1"]
[WhiteElo "1836"]
[BlackElo "2126"]
[PlyCount "88"]
[EventDate "2009.01.03"]
[EventType "swiss"]
[EventRounds "7"]
[EventCountry "GER"]
[SourceTitle "EXT 2012"]
[Source "ChessBase"]
[SourceDate "2011.11.24"]
[SourceVersion "1"]
[SourceVersionDate "2011.11.24"]
[SourceQuality "1"]

1. e4 c5 2. Nf3 Nc6 3. d4 cxd4 4. Nxd4 Nf6 5. Nc3 e5 6. Ndb5 d6 7. Bg5 a6 8. Na3 b5 9. Nd5 Be7 10. Bxf6 Bxf6 11. c4 b4 12. Nc2 Rb8 13. g3 Bg5 14. Bg2 0-0 15. 0-0 b3 16. axb3 Rxb3 17. Ra2 Rb8 18. Qd3 a5 19. Rd1 Be6 20. Bf1 g6 21. h4 Bh6 22. Nc3 Qb6 23. Qxd6 Rfd8 24. Qa3 Nb4 25. Na4 Qc6 26. Rxd8+ Rxd8 27. Nxb4 axb4 28. Qxb4 Qxe4 29. Nc5 Bf8 30. Nxe4 Bxb4 31. Ra1 Rd4 32. Nf6+ Kg7 33. Nd5 Bxd5 34. cxd5 Rxd5 35. b3 Rd2 36. Rc1 Rb2 37. Bc4 Bc5 38. Rf1 f5 39. Kg2 e4 40. g4 fxg4 41. Kg3 h5 42. Bd5 e3 43. fxe3 Bd6+ 44. Rf4 Re2 0-1

[Event "Niedersachsen-ch op"]
[Site "Verden"]
[Date "2009.01.05"]
[Round "5"]
[White "Rose, Shawn"]
[Black "Guennigmann, Laura"]
[Result "0-1"]
[WhiteElo "1583"]
[BlackElo "1836"]
[PlyCount "38"]
[EventDate "2009.01.03"]
[EventType "swiss"]
[EventRounds "7"]
[EventCountry "GER"]
[SourceTitle "EXT 2012"]
[Source "ChessBase"]
[SourceDate "2011.11.24"]
[SourceVersion "1"]
[SourceVersionDate "2011.11.24"]
[SourceQuality "1"]

1. Nc3 d5 2. e4 dxe4 3. Nxe4 Qd5 4. d3 e5 5. Qf3 Nc6 6. Nf6+ Nxf6 7. Be2 Nd4 8. Qxd5 Nxd5 9. Bd1 Be6 10. c3 Nc6 11. Ne2 0-0-0 12. Bc2 Be7 13. Bd2 Bf5 14. 0-0-0 Bg6 15. b4 Bf6 16. b5 Nce7 17. a4 c6 18. Kb1 cxb5 19. axb5 Nc7 0-1

[Event "Niedersachsen-ch op"]
[Site "Verden"]
[Date "2009.01.04"]
[Round "3"]
[White "Ziemann, Manfred"]
[Black "Guennigmann, Laura"]
[Result "0-1"]
[WhiteElo "1518"]
[BlackElo "1836"]
[PlyCount "100"]
[EventDate "2009.01.03"]
[EventType "swiss"]
[EventRounds "7"]
[EventCountry "GER"]
[SourceTitle "EXT 2012"]
[Source "ChessBase"]
[SourceDate "2011.11.24"]
[SourceVersion "1"]
[SourceVersionDate "2011.11.24"]
[SourceQuality "1"]

1. c4 e5 2. Nc3 Nc6 3. Nf3 d6 4. d4 exd4 5. Nxd4 Ne5 6. e3 g6 7. Be2 Bg7 8. b3 Ne7 9. Bb2 0-0 10. 0-0 b6 11. Rb1 Bb7 12. f4 N5c6 13. Bf3 Rb8 14. Nd5 Nxd5 15. Nxc6 Bxc6 16. Bxd5 Bd7 17. Bxg7 Kxg7 18. Qd4+ f6 19. Rbe1 Re8 20. h3 a6 21. Bf3 Re7 22. Kh2 b5 23. cxb5 Bxb5 24. Rf2 Qd7 25. g4 Bc6 26. g5 Rf8 27. Bg4 Qe8 28. h4 Bd7 29. Bxd7 Qxd7 30. Kg3 h5 31. Qd1 Rfe8 32. Qf3 Re4 33. Kh2 Qe6 34. Rfe2 d5 35. Rc1 c6 36. Rd1 Rxe3 37. Rxe3 Qxe3 38. Kg3 Qxf3+ 39. Kxf3 fxg5 40. fxg5 Re4 41. Rc1 Rxh4 42. Rxc6 Rg4 43. Rc7+ Kf8 44. Rc6 Rxg5 45. Rxa6 h4 46. Ra8+ Ke7 47. Rh8 Rh5 48. Rc8 h3 49. Rc1 h2 50. Rh1 Kd6 0-1

[Event "BL2 West 0809 (Women)"]
[Site "Germany"]
[Date "2008.12.07"]
[Round "4.5"]
[White "Puke, Carolin"]
[Black "Guennigmann, Laura"]
[Result "1/2-1/2"]
[WhiteElo "1559"]
[BlackElo "1836"]
[PlyCount "73"]
[EventDate "2008.11.08"]
[EventType "team-tourn"]
[EventRounds "7"]
[EventCountry "GER"]
[SourceTitle "EXT 2010"]
[Source "ChessBase"]
[SourceDate "2010.11.25"]
[SourceVersion "1"]
[SourceVersionDate "2010.11.25"]
[SourceQuality "1"]
[WhiteTeam "Steinfurt (W)"]
[BlackTeam "Braunschweig (W)"]
[WhiteTeamCountry "GER"]
[BlackTeamCountry "GER"]

1. e4 c5 2. Nf3 Nc6 3. Bb5 g6 4. d3 Bg7 5. c3 Nf6 6. 0-0 0-0 7. Nbd2 a6 8. Bxc6 dxc6 9. Qc2 Qc7 10. Re1 e5 11. Nc4 Nd7 12. Be3 b6 13. d4 cxd4 14. cxd4 exd4 15. Nxd4 c5 16. Ne2 b5 17. Bf4 Qc6 18. Ne3 Nf6 19. f3 Bb7 20. Rad1 Rad8 21. Bg5 Rxd1 22. Rxd1 Re8 23. Nd5 Nxd5 24. Rxd5 c4 25. Kh1 Qe6 26. Rd2 h6 27. Bf4 Qe7 28. Qd1 Bc8 29. Bd6 Qb7 30. Bb4 Qc7 31. Bc3 Bxc3 32. Nxc3 Be6 33. Nd5 Bxd5 34. Rxd5 Re7 35. Qd4 Re8 36. Rd7 Qe5 37. Qd2 1/2-1/2

[Event "BL2 West 0809 (Women)"]
[Site "Germany"]
[Date "2008.11.09"]
[Round "2.4"]
[White "Peters, Inken Dirtje"]
[Black "Guennigmann, Laura"]
[Result "1-0"]
[WhiteElo "1685"]
[BlackElo "1836"]
[PlyCount "81"]
[EventDate "2008.11.08"]
[EventType "team-tourn"]
[EventRounds "7"]
[EventCountry "GER"]
[SourceTitle "EXT 2010"]
[Source "ChessBase"]
[SourceDate "2010.11.25"]
[SourceVersion "1"]
[SourceVersionDate "2010.11.25"]
[SourceQuality "1"]
[WhiteTeam "Lehrte (W) II"]
[BlackTeam "Braunschweig (W)"]
[WhiteTeamCountry "GER"]
[BlackTeamCountry "GER"]

1. Nf3 Nf6 2. g3 d6 3. d4 Nbd7 4. Bg2 e5 5. 0-0 Be7 6. Re1 0-0 7. e4 c6 8. c4 Rb8 9. b3 Qc7 10. Bb2 Re8 11. Nbd2 Bf8 12. Nh4 b5 13. Nf5 Qb6 14. cxb5 cxb5 15. Nf3 g6 16. N5h4 Bb7 17. d5 Nc5 18. Ng5 h6 19. Nh3 Bg7 20. g4 Bc8 21. g5 Nh5 22. Bc1 Bxh3 23. Bxh3 Nf4 24. Bxf4 exf4 25. Rc1 hxg5 26. Nf3 Nxe4 27. Rc2 f5 28. Rxe4 fxe4 29. Nxg5 e3 30. Be6+ Kf8 31. Nh7+ Ke7 32. Qg4 exf2+ 33. Kf1 Rf8 34. Qxg6 Qd4 35. Rc7+ Kd8 36. Rd7+ Kc8 37. Rxg7+ Kd8 38. Rd7+ Kc8 39. Rf7+ Kd8 40. Rxf8+ Kc7 41. Qf7+ 1-0

[Event "BL2 West 0809 (Women)"]
[Site "Germany"]
[Date "2008.11.08"]
[Round "1.4"]
[White "Guennigmann, Laura"]
[Black "Franzenburg, Maria"]
[Result "1-0"]
[WhiteElo "1836"]
[BlackElo "1827"]
[PlyCount "43"]
[EventDate "2008.11.08"]
[EventType "team-tourn"]
[EventRounds "7"]
[EventCountry "GER"]
[SourceTitle "EXT 2010"]
[Source "ChessBase"]
[SourceDate "2010.11.25"]
[SourceVersion "1"]
[SourceVersionDate "2010.11.25"]
[SourceQuality "1"]
[WhiteTeam "Braunschweig (W)"]
[BlackTeam "Kiel Doppelbauer (W)"]
[WhiteTeamCountry "GER"]
[BlackTeamCountry "GER"]

1. e4 e6 2. d4 d5 3. Nc3 Bb4 4. e5 c5 5. a3 cxd4 6. axb4 dxc3 7. Qg4 cxb2 8. Bxb2 Kf8 9. Bd3 Nc6 10. Nf3 h5 11. Qf4 Nh6 12. b5 Nb8 13. Nd4 Kg8 14. 0-0 Nd7 15. c4 Nc5 16. Be2 g5 17. Qe3 dxc4 18. Rfd1 Nd7 19. Nc6 bxc6 20. bxc6 Qb6 21. cxd7 Bxd7 22. Qxb6 1-0

[Event "GER-ch U18 Girls"]
[Site "Willingen"]
[Date "2008.05.13"]
[Round "5"]
[White "Guennigmann, Laura"]
[Black "Jehle, Anja"]
[Result "0-1"]
[WhiteElo "1833"]
[BlackElo "1968"]
[PlyCount "72"]
[EventDate "2008.05.11"]
[EventType "swiss"]
[EventRounds "9"]
[EventCountry "GER"]
[SourceTitle "CBM 124 Extra"]
[Source "ChessBase"]
[SourceDate "2008.07.03"]
[SourceVersion "1"]
[SourceVersionDate "2008.07.03"]
[SourceQuality "1"]

1. e4 c5 2. Nf3 d6 3. d4 cxd4 4. Nxd4 Nf6 5. Nc3 a6 6. Be3 e5 7. Nf3 Be6 8. Ng5 b5 9. Nxe6 fxe6 10. f3 d5 11. Bg5 Bb4 12. a3 Bxc3+ 13. bxc3 0-0 14. Be2 Nbd7 15. Qd3 Rc8 16. 0-0 Nc5 17. Qe3 Qd6 18. Rfd1 Na4 19. Rd3 Rc5 20. f4 exf4 21. Bxf4 Qc6 22. Be5 Nxe4 23. Bd4 Rc4 24. Bg4 Qd6 25. Qh3 e5 26. Be3 Rf6 27. Rad1 Naxc3 28. Re1 d4 29. Bf5 g6 30. Bg4 Nc5 31. Rd2 N3e4 32. Rdd1 Rxc2 33. Bf3 Nc3 34. Rd2 Rxd2 35. Bxd2 Ne6 36. Qg3 Nf4 0-1

[Event "GER-ch U18 Girls"]
[Site "Willingen"]
[Date "2008.05.11"]
[Round "1"]
[White "Guennigmann, Laura"]
[Black "Breitwieser, Jasmin"]
[Result "1/2-1/2"]
[WhiteElo "1833"]
[BlackElo "1506"]
[PlyCount "62"]
[EventDate "2008.05.11"]
[EventType "swiss"]
[EventRounds "9"]
[EventCountry "GER"]
[SourceTitle "CBM 124 Extra"]
[Source "ChessBase"]
[SourceDate "2008.07.03"]
[SourceVersion "1"]
[SourceVersionDate "2008.07.03"]
[SourceQuality "1"]

1. e4 c5 2. Nf3 e6 3. d4 cxd4 4. Nxd4 Nf6 5. Nc3 d6 6. Bd3 Be7 7. 0-0 0-0 8. Qe2 Nc6 9. Nb3 a6 10. Bd2 b5 11. Rae1 Bb7 12. f4 b4 13. Nd1 a5 14. e5 Nd7 15. Qh5 g6 16. Qh3 dxe5 17. f5 exf5 18. Bh6 Re8 19. Rxf5 Bf6 20. Rf2 a4 21. Nd2 Ba6 22. Bxa6 Rxa6 23. Ref1 Nd4 24. Ne4 Nf5 25. Nxf6+ Nxf6 26. Rxf5 gxf5 27. Qxf5 Qd4+ 28. Ne3 Kh8 29. Kh1 Qe4 30. Qh3 Qg6 31. Nf5 Nh5 1/2-1/2

[Event "Niedersachsen-ch"]
[Site "Verden"]
[Date "2008.01.06"]
[Round "7"]
[White "Stotyn, Fabian"]
[Black "Guennigmann, Laura"]
[Result "0-1"]
[WhiteElo "2059"]
[BlackElo "1798"]
[PlyCount "95"]
[EventDate "2008.01.03"]
[EventType "swiss"]
[EventRounds "7"]
[EventCountry "GER"]
[SourceTitle "EXT 2010"]
[Source "ChessBase"]
[SourceDate "2010.11.25"]
[SourceVersion "1"]
[SourceVersionDate "2010.11.25"]
[SourceQuality "1"]

1. b3 Nf6 2. Bb2 d6 3. h4 e5 4. c4 Nbd7 5. f3 Be7 6. Nh3 Nh5 7. d3 Bxh4+ 8. Kd2 Ng3 9. Rh2 Nb6 10. Kc2 a5 11. e4 Nd7 12. f4 Qe7 13. Nd2 a4 14. Nf3 Nxf1 15. Qxf1 Bg3 16. Rh1 Nf6 17. f5 Bd7 18. Nhg1 Ng4 19. Qe2 h5 20. Nd2 0-0-0 21. Nh3 Kb8 22. Raf1 Rdf8 23. Nb1 g6 24. Nc3 axb3+ 25. axb3 c6 26. Rf3 Bh4 27. Qd2 Kc7 28. Na4 Ra8 29. g3 Bf6 30. Nf2 Nxf2 31. Qxf2 gxf5 32. Nb6 Raf8 33. Ba3 Be6 34. exf5 Bc8 35. Bb2 Rd8 36. Ra1 e4 37. Nxc8 Kd7 38. Nb6+ Kc7 39. Na8+ Kd7 40. Nb6+ Kc7 41. Na8+ Kd7 42. Re3 Bxb2 43. Kxb2 Qf6+ 44. Kb1 exd3 45. Qe1 d2 46. Re7+ Qxe7 47. Nb6+ Ke8 48. Qxd2 0-1

[Event "Niedersachsen-ch"]
[Site "Verden"]
[Date "2008.01.05"]
[Round "5"]
[White "Guennigmann, Laura"]
[Black "Braje, Monika"]
[Result "1-0"]
[WhiteElo "1798"]
[BlackElo "1658"]
[PlyCount "36"]
[EventDate "2008.01.03"]
[EventType "swiss"]
[EventRounds "7"]
[EventCountry "GER"]
[SourceTitle "EXT 2010"]
[Source "ChessBase"]
[SourceDate "2010.11.25"]
[SourceVersion "1"]
[SourceVersionDate "2010.11.25"]
[SourceQuality "1"]

1. e4 d5 2. exd5 Nf6 3. d4 Nxd5 4. c4 Nf6 5. h3 Bf5 6. Nf3 e6 7. Bd3 Bg6 8. 0-0 Nbd7 9. Nc3 c6 10. Re1 Be7 11. Bxg6 hxg6 12. d5 cxd5 13. cxd5 exd5 14. Nxd5 Nxd5 15. Qxd5 b6 16. Bg5 f6 17. Bf4 Rh5 18. Qg8+ Nf8 1-0

[Event "Niedersachsen-ch"]
[Site "Verden"]
[Date "2008.01.04"]
[Round "3"]
[White "Guennigmann, Laura"]
[Black "Steinhoff, Juergen"]
[Result "1-0"]
[WhiteElo "1798"]
[BlackElo "1619"]
[PlyCount "50"]
[EventDate "2008.01.03"]
[EventType "swiss"]
[EventRounds "7"]
[EventCountry "GER"]
[SourceTitle "EXT 2010"]
[Source "ChessBase"]
[SourceDate "2010.11.25"]
[SourceVersion "1"]
[SourceVersionDate "2010.11.25"]
[SourceQuality "1"]

1. e4 c6 2. d4 d5 3. Nc3 dxe4 4. Nxe4 Nd7 5. Bc4 Ngf6 6. Ng5 e6 7. Qe2 Nb6 8. Bb3 h6 9. N5f3 c5 10. Bf4 Nbd5 11. Be5 Qa5+ 12. Nd2 cxd4 13. Ngf3 Bb4 14. Nxd4 0-0 15. c3 Be7 16. 0-0 Bd7 17. f4 b5 18. Kh1 Rfe8 19. Qf3 Rad8 20. f5 Qb6 21. Rae1 Bc8 22. fxe6 Bxe6 23. Nxe6 fxe6 24. Ne4 Rf8 25. Qg3 Nxe4 1-0

[Event "Lueneburg distr-ch Vormeisterturnier"]
[Site "Buchholz in der Nordheide"]
[Date "2007.11.01"]
[Round "8.2"]
[White "Huve, Michael"]
[Black "Guennigmann, Laura"]
[Result "1-0"]
[WhiteElo "1797"]
[BlackElo "1804"]
[PlyCount "85"]
[EventDate "2007.10.27"]
[EventType "swiss"]
[EventRounds "9"]
[EventCountry "GER"]
[SourceTitle "EXT 2015"]
[Source "ChessBase"]
[SourceDate "2014.11.20"]
[SourceVersion "1"]
[SourceVersionDate "2014.11.20"]
[SourceQuality "1"]

1. c4 e5 2. Nc3 Nc6 3. g3 d6 4. Bg2 Be6 5. d3 Qd7 6. e3 g6 7. Nge2 Bg7 8. Rb1 Nh6 9. b4 0-0 10. 0-0 Bh3 11. b5 Nd8 12. a4 Bxg2 13. Kxg2 g5 14. e4 g4 15. Be3 f6 16. c5 Nhf7 17. Rh1 Ne6 18. cxd6 cxd6 19. h3 gxh3+ 20. Rxh3 Nfg5 21. Rh2 f5 22. f4 exf4 23. gxf4 Nf7 24. Qh1 Nc5 25. Rxh7 Qe6 26. Qh5 Nh6 27. Rxg7+ Kxg7 28. Bd4+ Kh7 29. Qf3 Rg8+ 30. Kf2 Rg6 31. Bxc5 dxc5 32. exf5 Qxf5 33. Qxb7+ Rg7 34. Qxa8 Ng4+ 35. Ke1 Re7 36. Qd5 Qxf4 37. Qxc5 Qg3+ 38. Kd2 Qh4 39. Rh1 Rxe2+ 40. Nxe2 Qxh1 41. Qf5+ Kh8 42. Qxg4 Qh6+ 43. Qf4 1-0

[Event "Lueneburg distr-ch Vormeisterturnier"]
[Site "Buchholz in der Nordheide"]
[Date "2007.10.31"]
[Round "6.2"]
[White "Cohrs, Joerg Artur"]
[Black "Guennigmann, Laura"]
[Result "1/2-1/2"]
[WhiteElo "1886"]
[BlackElo "1804"]
[PlyCount "51"]
[EventDate "2007.10.27"]
[EventType "swiss"]
[EventRounds "9"]
[EventCountry "GER"]
[SourceTitle "EXT 2015"]
[Source "ChessBase"]
[SourceDate "2014.11.20"]
[SourceVersion "1"]
[SourceVersionDate "2014.11.20"]
[SourceQuality "1"]

1. e4 c5 2. Nc3 Nc6 3. Nge2 Nf6 4. g3 g6 5. Bg2 Bg7 6. 0-0 0-0 7. Nd5 Nxd5 8. exd5 Nd4 9. Nxd4 Bxd4 10. c3 Bg7 11. d3 d6 12. Be3 b5 13. d4 c4 14. a4 Qb6 15. axb5 Qxb5 16. Ra2 Bd7 17. Qa1 a5 18. Bg5 Rfe8 19. Re1 Bf8 20. Bd2 Reb8 21. Bg5 Re8 22. Ra3 h6 23. Bc1 a4 24. Be4 Ra5 25. Qb1 Kh7 26. Re3 1/2-1/2

[Event "Lueneburg distr-ch Vormeisterturnier"]
[Site "Buchholz in der Nordheide"]
[Date "2007.10.27"]
[Round "1.8"]
[White "Reichel, Felix"]
[Black "Guennigmann, Laura"]
[Result "0-1"]
[WhiteElo "1612"]
[BlackElo "1804"]
[PlyCount "48"]
[EventDate "2007.10.27"]
[EventType "swiss"]
[EventRounds "9"]
[EventCountry "GER"]
[SourceTitle "EXT 2015"]
[Source "ChessBase"]
[SourceDate "2014.11.20"]
[SourceVersion "1"]
[SourceVersionDate "2014.11.20"]
[SourceQuality "1"]

1. c4 e5 2. Nc3 Nc6 3. g3 d6 4. Bg2 g6 5. Nf3 Bg7 6. 0-0 f5 7. d3 Nf6 8. Rb1 0-0 9. Bg5 h6 10. Bd2 Be6 11. Qc1 g5 12. h4 g4 13. Ne1 f4 14. gxf4 Ne8 15. fxe5 Qxh4 16. Ne4 Nd4 17. Qd1 Bxe5 18. Ng3 Rf5 19. f4 Qxg3 20. fxe5 Rxf1+ 21. Kxf1 Ng7 22. Nc2 Rf8+ 23. Kg1 Nxc2 24. Qxc2 Rf2 0-1

[Event "GER-chT Lands U20"]
[Site "Verden an der Aller"]
[Date "2007.10.01"]
[Round "5.6"]
[White "Guennigmann, Laura"]
[Black "Neumair, Jerome"]
[Result "1/2-1/2"]
[WhiteElo "1735"]
[BlackElo "1909"]
[PlyCount "58"]
[EventDate "2007.09.29"]
[EventType "team-swiss"]
[EventRounds "7"]
[EventCountry "GER"]
[SourceTitle "CBM 120 Extra"]
[Source "ChessBase"]
[SourceDate "2007.11.01"]
[SourceVersion "1"]
[SourceVersionDate "2007.11.01"]
[SourceQuality "1"]
[WhiteTeam "Niedersachsen"]
[BlackTeam "Nordrhein Westfalen"]
[WhiteTeamCountry "GER"]
[BlackTeamCountry "GER"]

1. e4 e6 2. d4 d5 3. Nc3 Nf6 4. e5 Nfd7 5. Nce2 c5 6. c3 Nc6 7. f4 f6 8. Nf3 Qb6 9. g3 cxd4 10. Nexd4 Nxd4 11. Nxd4 Bc5 12. Bh3 Bxd4 13. cxd4 0-0 14. Qb3 Qxb3 15. Bxe6+ Kh8 16. axb3 Nxe5 17. Bxd5 Nc6 18. Bxc6 bxc6 19. Kf2 Kg8 20. Bd2 Be6 21. b4 Rfd8 22. Bc3 Kf7 23. Rhe1 Bc4 24. Re3 Bd5 25. Rae1 Rd7 26. Kg1 h5 27. Kf2 Rb8 28. R1e2 Bc4 29. Re1 Bd5 1/2-1/2

[Event "GER-chT Lands U20"]
[Site "Verden an der Aller"]
[Date "2007.09.29"]
[Round "2.6"]
[White "Guennigmann, Laura"]
[Black "Wolf, Christoph"]
[Result "1-0"]
[WhiteElo "1735"]
[BlackElo "1451"]
[PlyCount "43"]
[EventDate "2007.09.29"]
[EventType "team-swiss"]
[EventRounds "7"]
[EventCountry "GER"]
[SourceTitle "CBM 120 Extra"]
[Source "ChessBase"]
[SourceDate "2007.11.01"]
[SourceVersion "1"]
[SourceVersionDate "2007.11.01"]
[SourceQuality "1"]
[WhiteTeam "Niedersachsen"]
[BlackTeam "Mecklenburg Vorpommern"]
[WhiteTeamCountry "GER"]
[BlackTeamCountry "GER"]

1. e4 e5 2. Nf3 Nc6 3. Bb5 a6 4. Ba4 d6 5. 0-0 Bg4 6. c3 Be7 7. d4 exd4 8. cxd4 b5 9. Bb3 Nf6 10. Be3 0-0 11. Nbd2 Na5 12. Bc2 d5 13. e5 Nd7 14. Re1 f6 15. Qb1 h5 16. Bh7+ Kh8 17. Nh4 f5 18. Nxf5 Bxf5 19. Bxf5 Nc4 20. Nxc4 bxc4 21. Bg6 h4 22. Qd1 1-0